1466 1097 1453 1304 1136 1211 1778 1611 1912 1744 1678 1245 1713 1867 1244 1865 1983 1542 1237 1074 1409 1874 1473 1094 1160 1192 1224 1281 1876 1004 1958 1831 1831 1376 1218 1441 1736 1814 1800 1593 1747 1800 1222 1908 1228 1217 1781 1125 1421 1678 1952 1266 1434 1896 1989 1194 1273 1706 1074 1594 1525 1487 1860 1917 1114 1920 1714 1753 1264 1382 1136 1988 1570 1906 1306 1946 1310 1136 1046 1451 1647 1225 1556 1509 1626 1073 1467 1171 1754 1681 1576 1891 1059 1056 1079 1266 1878 1087 1470 BCNSPRNW ULIB Ver.6.0+V

เปลี่ยนเป็นภาษาไทย

Change to English
 แสดงรายละเอียดบรรณานุกรม
  กลับหน้าหลัก

Brief Record : Get Marc (ISO 2709) : E-mail record : QR code < ปิดหน้าต่าง
LEADER : 00000nam 2200000uu 4500
001    13399127155
003     ULIB
008    191018s2562||||th 000 0 tha d
020 ^- ^a9786163471338
050 ^- ^aนว.^bป534ส
100 0^ ^aปัณฑารีย์.
245 10 ^aเสน่หาใกล้ใจ /^cปัณฑารีย์.
250 ^- ^aพิมพ์ครั้งที่ 1.
260 ^- ^aกรุงเทพฯ :^bห้างหุ้นส่วนจำกัด ไลด์ ออฟ เลิฟ บุ๊คส์,^c2562
300 ^- ^a272 หน้า.
945    ^p265^l0^i006342
999    ^aประนอม เกษจรัล
รายการนี้ยังไม่มีแท็ก
คุณยังไม่ได้ล็อกอิน คุณสามารถมีกิจกรรมร่วมกับเว็บไซต์ได้ แต่ต้องล็อกอินก่อน ::
  ล็อกอิน

รายการสื่อสารสนเทศ

ลำดับที่ ประเภท เลขเรียก/บาร์โค้ด สถานที่ สถานะ
1. นวนิยาย
นวนิยาย
นว. ป534ส ฉ.1 
  Barcode: 006342
ห้องสมุดวิทยาเขตนครสวรรค์
►นวนิยาย:l:Fiction
บนชั้น

รายการใกล้เคียง
    ผู้แต่ง [ปัณฑารีย์.]

BibComment


ยังไม่เคยถูกคอมเมนท์

คอมเมนท์ทรัพยากรรายการนี้
  คอมเมนท์: เสน่หาใกล้ใจ ปั..


 Copyright 2026. Bcnsprnw @Library